2017-2018 NFL Playoff Teams - Statistics

General Stats
  • This quiz has been taken 241 times
  • The average score is 9 of 12
Answer Stats
Year Conference Seed Answer % Correct
2017 NFC 1 Philadelphia Eagles
92%
2017 AFC 1 New England Patriots
88%
2017 NFC 2 Minnesota Vikings
85%
2017 NFC 4 New Orleans Saints
79%
2017 AFC 2 Pittsburgh Steelers
77%
2017 NFC 3 Los Angeles Rams
76%
2017 AFC 4 Kansas City Chiefs
75%
2017 AFC 3 Jacksonville Jaguars
72%
2017 NFC 6 Atlanta Falcons
69%
2017 AFC 5 Tennessee Titans
69%
2017 NFC 5 Carolina Panthers
68%
2017 AFC 6 Buffalo Bills
65%
No matching quizzes found
Score Distribution
Percent of People with Each Score
Percentile by Number Answered
Your Score History
You have not taken this quiz